| 000 | 01789nam0a2200301 4500 | ||
|---|---|---|---|
| 001 | RU\NLR\bibl\1376499 | ||
| 005 | 20260407203010.0 | ||
| 021 |
_aRU _b2009-25418 _91503 |
||
| 035 | _a(NLR Aleph) 001368607 | ||
| 090 |
_a1027099 _c1027099 |
||
| 100 | _a20090603d2008 |||y0rusy50 ca | ||
| 101 | 0 | _arus | |
| 102 | _aRU | ||
| 105 | _aa ||||||||| | ||
| 200 | 1 |
_aИспользование лечебных факторов и природно-климатических ресурсов Краснодарского края для реабилитации и оздоровления _eметодические рекомендации для врачей лечебно-профилактических и санаторно-курортных учреждений _fДеп. комплекс. развития курортов и туризма Краснод. края, Деп. здравоохранения Краснод. края, Н.-и. центр курортологии и реабилитации (г. Сочи) |
|
| 210 |
_aКраснодар _cРекламный дом Кубань _d2008 |
||
| 215 |
_a95 с., [16] л. цв. ил. _d25 |
||
| 320 | _aБиблиогр.: с. 95 | ||
| 606 | 1 |
_aСанаторно-курортное лечение _jМетодические пособия _yКраснодарский край _91443563 _3RU\NLR\auth\66611084 |
|
| 686 | _aР354.99(2Р37-4Кр)я8 | ||
| 712 | 0 | 2 |
_4570 _aНаучно-исследовательский центр курортологии и реабилитации _cСочи _9765336 _3RU\NLR\AUTH\8810134673 |
| 801 | 0 |
_aRU _bNLR _c20090603 _gRCR |
|
| 801 | 1 |
_aRU _bNLR _c20090603 |
|
| 942 | _cBOOK | ||
| 980 | _aNB | ||
| 980 | _aNBR | ||